000 00749nam a2200217 a 4500
008 050303s2005||||xo g 000 f slo d
020 _a8055108994
_q(viaz.)
_c229
040 _aSNK
_bslo
_cSNK
041 1 _aslo
_heng
072 7 _a821.111(73)-3
_xAmerická próza
_2konspekt
080 _a821.111(73)-31
_2MDT-MRF
100 1 _aAlbom, Mitch
_d1958-
240 1 4 _aThe five people you meet in heaven
_lSlovensky
245 1 0 _aPäť stretnutí v nebi
_cMitch Albom; [z anglického originálu preložil Hviezdoslav Herman]
250 _a[1. vyd.]
260 _aBratislava
_bIkar
_c2005
300 _a159 s.
_c21 cm
700 1 _aHerman, Hviezdoslav
_d1951-
_4trl
765 0 _tThe five people you meet in heaven
_aAlbom, Mitch, 1958-
044 _axo
_cSK
999 _c10405
_d10405